New Zealand Regions 1-minute sprint - Statistics

General Stats
  • This quiz has been taken 7 times
  • The average score is 12 of 16
Answer Stats
Answer % Correct
Canterbury
100%
Nelson
100%
Southland
100%
Taranaki
100%
Wellington
100%
Auckland
75%
Marlborough
75%
Otago
75%
Tasman
75%
West Coast
75%
Bay of Plenty
50%
Hawke's Bay
50%
Manawatu Wanganui
50%
Northland
50%
Waikato
50%
Gisbourne
25%
No matching quizzes found
Score Distribution
Percent of People with Each Score
Percentile by Number Answered
Your Score History
You have not taken this quiz